000 00303nam a22001337a 4500
008 170529b xxu||||| |||| 00| 0 eng d
020 _a0070523894
041 _aeng
080 _212TH
_a621.3
100 _a27
101 _aIM
245 _aPRACTICAL ELECTRICAL WIRING
_cRICHTER, H.P
942 _2udc
_cBK
999 _c14781
_d14781